MDQL
is popping MORE tags! Check the
thread
!
Quizzes
Events
Quiz Creation
Community
Videos
Private Events
Remove Ads
Sign In
Join for FREE
Feedback
Dark Mode
Quiz Categories
Sports
Geography
Music
Movies
Television
Just For Fun
Miscellaneous
History
Literature
Language
Science
Gaming
Entertainment
Religion
Holiday
For Kids
Quiz Lab
Recent
Popular Today
Quiz Kudos Today
Editor Picks
Curator Picks
Quizzes by...
Day
Popularity
Type
Ratings
Length
Year
Community
Subscriptions
Recent Discussions
Orange Saloon
Badges
Playlists
Quests
Create
Leaderboards
Showdown
Live 5
Trivia Bingo
Activity
Puzzle Library
Sporcle Events
Private Events
Virtual Trivia
Globe League
Become a Host
Pub Owners
SporcleCon
Opinionation
Our Games
Videos
Blog
Mobile Apps
Partnerships
Remove Ads and Go Orange
Feedback
Movies
Disney
Marvel Cinematic Universe
Movie Resume
Movie Titles
Oscar
Actor
Actress
Director
Pixar
Role
Movie Quotes
Movie Characters
Box Office
Nominee
Best Picture
Star Wars
James Bond
Horror Movies
Movies
Disney
Marvel Cinematic Universe
Movie Resume
Movie Titles
Oscar
Actor
Actress
Director
Pixar
Role
Movie Quotes
Movie Characters
Box Office
Nominee
Best Picture
Star Wars
James Bond
Horror Movies
Random Quiz
Search Sporcle
×
Quiz Lab
Quiz Lab
Movies
Missing Word
Type in answers that appear in a list
Type in answers that appear in a list
Classic
Best Score? Go Orange.
Missing K Stats
Can you name the Missing Word: 'K' Movies?
By
Eric7272
6m
30 Questions
84 Plays
84 Plays
84 Plays
Comments
Comments
Give Quiz Kudos
Give Quiz Kudos
-
- Ratings
hide this ad
Replay
Link that replays current quiz
Next Quiz
Link to next quiz in quiz playlist
You Got
0%
They Got
Avg Score
69%
Avg Friend Score
Upgrade to see
Score Distribution
Jump to the score distribution portion of the page
Score
0/30
Timer
06:00
0
Plays Today
Movie
Missing Word
% Correct
_
_
_
_
_
_
Fu Panda
Kung
98.8%
Citizen _
_
_
_
_
_
Kane
98.8%
The Dark _
_
_
_
_
_
Knight
97.6%
Natural Born _
_
_
_
_
_
Killers
95.2%
I _
_
_
_
_
_
What You Did Last Summer
Know
95.2%
The _
_
_
_
_
_
Speech
King's
95.2%
The _
_
_
_
_
_
Kid
Karate
90.5%
The _
_
_
_
_
_
Are All Right
Kids
89.3%
Harold & _
_
_
_
_
_
Go to White Castle
Kumar
89.3%
The Long _
_
_
_
_
_
Goodnight
Kiss
89.3%
_
_
_
_
_
_
& Screaming
Kicking
89.3%
Indiana Jones and the _
_
_
_
_
_
of the Crystal Skull
Kingdom
85.7%
The _
_
_
_
_
_
Runner
Kite
83.3%
King _
_
_
_
_
_
Kong
82.1%
The Skeleton _
_
_
_
_
_
Key
79.8%
Movie
Missing Word
% Correct
_
_
_
_
_
_
the Faith
Keeping
77.4%
_
_
_
_
_
_
Fried Movie
Kentucky
77.4%
Bury Me at Wounded _
_
_
_
_
_
Knee
73.8%
_
_
_
_
_
_
Cop
Kindergarten
71.4%
_
_
_
_
_
_
Up
Knocked
64.3%
We Need to Talk About _
_
_
_
_
_
Kevin
64.3%
_
_
_
_
_
_
Jack
Kangaroo
59.5%
_
_
_
_
_
_
City Bomber
Kansas
59.5%
Borat: Cultural Learnings of America for Make Benefit Glorious Nation of _
_
_
_
_
_
Kazakhstan
52.4%
Ma and Pa _
_
_
_
_
_
Go to Town
Kettle
40.5%
_
_
_
_
_
_
Guys
Knockaround
20.2%
_
_
_
_
_
_
Tribe
Krippendorf's
17.9%
Hideous _
_
_
_
_
_
Kinky
13.1%
_
_
_
_
_
_
with a Whip
Kitten
11.9%
_
_
_
_
_
_
Holiday
Knickerbocker
7.1%
Quiz Playlist
Details
Report
Send in Message
Add To Playlist
Classic:
Type in answers that appear in a list
Last Updated: Feb 16, 2017
Quiz Scoreboard
CHALLENGE
Sign Up to Join the Scoreboard
Show All
Scores
Hide
Comments
May contain spoilers
Recently Published
Find the 'City' Movie
by crazypaving
Movies
60s
5x2 Blitz: Bands
by SL_Kpop136
Music
30s
Colored Red Africa Blitz
by spor1
Geography
30s
More to Explore
Quiz From the Vault
Featured Blog Post
14 Easter Pick-up Lines to Find Eggs With
hide this ad
You Might Also Like...
Tags
Missing Word Quiz
Movie Titles Quiz
Today's Top Quizzes in Movies
Browse Movies
hide this ad
Today's Top Quizzes in Missing Word
Browse Missing Word
Top Contributed Quizzes in Movies
1
Find The 'Big' Movie
2
Find The 'Blue' Movie
3
Find The 'Wild' Movie
4
Hidden Star Wars Character II
5
Pick 5 Posters: Directed by Spielberg
6
Hidden Star Wars Character III
7
Hidden Star Wars Character IV
8
Movies By Plot
9
Alfred Hitchcock Movies by Plot
10
Hidden Star Wars Character V
Explore More
Trending Topics
Harry Potter
Crossword
NBA
Disney
Marvel
Kpop
Anime
Pokémon
WWE
Soccer
Song
Country
Puzzle
NFL
The Office
hide this ad
More By:
Eric7272
Quiz
Plays
Rating
Category
Featured
Created
Frances McDormand Movies
4,713
4.36
Movies
Jul 6, 2010
Missing Word: Movie 'Y' Words
4,702
4.68
Just For Fun
Jul 6, 2012
Jennifer Lopez Movies
2,486
4.60
Movies
May 3, 2010
Geena Davis Movies
1,649
3.83
Movies
Jul 6, 2010
Tim Robbins Movies
768
4.00
Movies
May 1, 2010
Go to Creator's Profile
Score Distribution
Quiz Creator Spotlight
Eric7272
Follow
Send a Message
Quizzes Created
-
Created Quiz Play Count
-
More By This Creator
Popular Quizzes Today
1
Find the 'City' Movie
2
5x2 Blitz: Bands
3
Colored Red Africa Blitz
4
Find the US States - No Outlines Minefield
5
The Countries of the World
6
Find the US States
7
9x9 Crossword: Cartoon Network
8
US States
More Movies Quizzes
Elijah Wood Movies
Quiz Lab
Trending Quizzes
Colored Red Africa Blitz II
Colored Red Europe Blitz I
Colored Red Africa Blitz III
Colored Red Europe Blitz II
Colored Red Europe Blitz III
Recently Updated
Champions League XIs: Real Madrid
pecheneg
Largest US Cities 1790-2010
pecheneg
Rides in Walt Disney World
pecheneg
Most Oscar Losses (Acting)
pecheneg
Beyoncé Albums
pecheneg
Leaping Animals
pecheneg
Reality TV Shows (A-Z)
bhenderson79
Rickey Henderson's Hall of Fame Teammates
pecheneg
Champions League XIs: Arsenal
pecheneg
Quick Pick: Celebrities in WWE's Hall of Fame
aduchscher
Trending Topics
Anime
Harry Potter
Kpop
Marvel
Disney
NBA
Crossword
Pokémon
Country
WWE
NFL
The Office
Puzzle
Soccer
Song
Your Account Isn't Verified!
In order to create a playlist on Sporcle, you need to verify the email address you used during registration. Go to your
Sporcle Settings
to finish the process.
Report this User
Report this user for behavior that violates our
Community Guidelines
.
Details:
Send Report
Go to the Sporcle.com Mobile Site →
Comments